00341nam a2200145Ia 4500100001900000650002500019250000600044366000700050654002500057245005100082260002800133082001400161300000800175546001200183 aBruegge/Bernd  aSoftware Engineering a2 f25 asoftware engineering aObject oriented Software Engineering using UML bPearson Educationc2004 a5.11bBRU a802 aENGLISH